|
|
|
|
| LEADER |
00814nab a2200205 i 4500 |
| 001 |
acta50007 |
| 005 |
20251125131722.0 |
| 008 |
180116s2017 hu o 000 fre d |
| 022 |
|
|
|a 0238-8308
|
| 040 |
|
|
|a SZTE Egyetemi Kiadványok Repozitórium
|b hun
|
| 041 |
|
|
|a fre
|
| 100 |
1 |
|
|a Rey Didier
|
| 245 |
1 |
0 |
|a Mars 1954 en Oranie
|h [elektronikus dokumentum] :
|b le football annonciateur de la Guerre de Libération? /
|c Rey Didier
|
| 260 |
|
|
|a Université de Szeged
|b Szeged
|c 2017
|
| 300 |
|
|
|a 99-115
|
| 490 |
0 |
|
|a Mediterrán tanulmányok
|v 26
|
| 650 |
|
4 |
|a Bölcsészettudományok
|
| 650 |
|
4 |
|a Történettudomány és régészet
|
| 695 |
|
|
|a Algéria története - 20. sz., Orán, Labdarúgás története - ALgéria - 20. sz.
|
| 856 |
4 |
0 |
|u http://acta.bibl.u-szeged.hu/50007/1/mediterran_026_099-115.pdf
|z Dokumentum-elérés
|